Культура и искусство Причерноморья в античную эпоху: выставка из собраний музеев Болгарии, Румынии и Советского Союза: каталог выставки

Bibliographic Details
Corporate Author: Государственный музей изобразительных искусств имени А.С. Пушкина (ГМИИ)
Other Authors: Коровина А. К. Анна Константиновна (редактор)
Language:Russian
Published: Москва, Советский художник, 1983
Subjects:
Format: MixedMaterials Book
KOHA link:https://koha.lib.tpu.ru/cgi-bin/koha/opac-detail.pl?biblionumber=292480

MARC

LEADER 00000nam1a2200000 4500
001 292480
005 20231102000511.0
020 |a RU  |b 84-133 
035 |a (RuTPU)RU\TPU\book\317112 
090 |a 292480 
100 |a 20150423d1983 km y0rusy5003 ca 
101 0 |a rus 
200 1 |a Культура и искусство Причерноморья в античную эпоху  |e выставка из собраний музеев Болгарии, Румынии и Советского Союза: каталог выставки  |f Государственный музей изобразительных искусств имени А.С. Пушкина (ГМИИ) ; под ред. А. К. Коровиной 
210 |a Москва  |c Советский художник  |d 1983 
215 |a [163] с.  |c ил. 
606 1 |a Античное искусство  |2 stltpush  |3 (RuTPU)RU\TPU\subj\29255  |9 52633 
610 1 |a выставки 
610 1 |a Москва 
610 1 |a культура 
610 1 |a искусство 
610 1 |a Причерноморье 
610 1 |a музейные собрания 
610 1 |a Болгария 
610 1 |a Румыния 
610 1 |a СССР 
610 1 |a декоративно-прикладное искусство 
610 1 |a каталоги выставки 
675 |a 7.032(064)  |z rus  |v 3 
702 1 |a Коровина  |b А. К.  |g Анна Константиновна  |4 340 
712 0 2 |a Государственный музей изобразительных искусств имени А.С. Пушкина (ГМИИ)  |c (г. Москва)  |2 stltpush  |3 (RuTPU)RU\TPU\col\5321 
801 0 |a RU  |b RuMRKP  |c 19950704  |g psbo 
801 1 |a RU  |b 63413507  |c 20150423 
801 2 |a RU  |b 63413507  |c 20180416  |g RCR 
942 |c BK